[Event "ODJM A 2018"]
[Site "Willingen GER"]
[Date "2018.05.24"]
[Round "7"]
[White "Brunner, Jan"]
[Black "Isler, Benjamin"]
[Result "1-0"]
[Termination "normal"]
[Board "22"]
[WhiteElo "2005"]
[BlackElo "1881"]
[PlyCount "95"]
[WhiteFideId "12981010"]
[BlackFideId "12975478"]
[EventCountry "GER"]
[EventRounds "9"]
[EventType "swiss"]
[EventDate "2018.05.19"]

1. d4 Nf6 2. c4 c5 3. d5 e6 4. Nc3 exd5 5. cxd5 d6 6. e4 g6 7. f4 Bg7 8. Bb5+
Nfd7 9. a4 O-O 10. Nf3 h6 11. Bd3 Re8 12. O-O Nf6 13. h3 Nbd7 14. Re1 Qc7 15.
Bc2 b5 16. e5 b4 17. exf6 Rxe1+ 18. Nxe1 Nxf6 19. Ne4 Bb7 20. Nxf6+ Bxf6 21.
Be4 Re8 22. Bf3 c4 23. Kh2 c3 24. Nd3 Qc4 25. bxc3 bxc3 26. Qc2 Bxd5 27. Bxd5
Qxd5 28. Ba3 Re3 29. Nb4 Qc4 30. Qf2 Re4 31. Qa2 Rxf4 32. Nd5 Qxa2 33. Rxa2 Rf1
34. Nxf6+ Rxf6 35. Rc2 Rf4 36. Rxc3 Rxa4 37. Bxd6 Kg7 38. Ra3 Rxa3 39. Bxa3 Kf6
40. Kg3 Kf5 41. Kf3 h5 42. Bb4 f6 43. Bc3 Kg5 44. Ke4 Kh4 45. Kf4 g5+ 46. Kf3
g4+ 47. Kf4 gxh3 48. g3# 1-0

[Event "ODJM A 2018"]
[Site "Willingen GER"]
[Date "2018.05.24"]
[Round "7"]
[White "Schallner, Marc"]
[Black "Buller, Ian Joshua"]
[Result "0-1"]
[Termination "normal"]
[Board "23"]
[WhiteElo "1993"]
[BlackElo "1779"]
[PlyCount "120"]
[WhiteFideId "12971243"]
[BlackFideId "12990655"]
[EventCountry "GER"]
[EventRounds "9"]
[EventType "swiss"]
[EventDate "2018.05.19"]

1. e4 c5 2. Nf3 d6 3. Bb5+ Bd7 4. Bxd7+ Qxd7 5. c4 Nf6 6. Nc3 g6 7. O-O Bg7 8.
d4 cxd4 9. Nxd4 O-O 10. h3 Rc8 11. b3 d5 12. e5 Ne8 13. Nxd5 e6 14. Nb4 Bxe5
15. Be3 Rd8 16. Qf3 Bxd4 17. Bxd4 Qxd4 18. Qxb7 Nd7 19. Nc6 Qb6 20. Nxd8 Rxd8
21. Qxb6 axb6 22. Rfd1 Nef6 23. Rd6 Kf8 24. Rad1 Ke7 25. g4 g5 26. f3 h6 27. h4
Ra8 28. hxg5 hxg5 29. f4 Ra7 30. fxg5 Ne4 31. R6d4 Nxg5 32. Rd6 Ne4 33. R6d4
Nc3 34. R1d2 Nxa2 35. Rxd7+ Rxd7 36. Rxa2 Rd3 37. Kf2 Rxb3 38. Ra7+ Kf6 39. Rc7
Rc3 40. Rc6 Kg5 41. Rc7 f6 42. Rg7+ Kf4 43. g5 Rc2+ 44. Kf1 fxg5 45. Rb7 Rxc4
46. Rxb6 e5 47. Rf6+ Kg3 48. Re6 Re4 49. Ra6 g4 50. Ra2 Re3 51. Rb2 Rf3+ 52.
Kg1 e4 53. Rg2+ Kf4 54. Ra2 e3 55. Kg2 Rg3+ 56. Kh2 Kf3 57. Ra8 Rg2+ 58. Kh1
Rd2 59. Rf8+ Kg3 60. Rf1 e2 0-1

[Event "ODJM A 2018"]
[Site "Willingen GER"]
[Date "2018.05.24"]
[Round "7"]
[White "Bargsten, Justus"]
[Black "Stemmler, Fabian"]
[Result "1/2-1/2"]
[Termination "normal"]
[Board "24"]
[WhiteElo "1953"]
[BlackElo "1963"]
[PlyCount "95"]
[WhiteFideId "12974188"]
[BlackFideId "12964808"]
[EventCountry "GER"]
[EventRounds "9"]
[EventType "swiss"]
[EventDate "2018.05.19"]

1. e4 e5 2. Nf3 Nc6 3. Bb5 Nf6 4. O-O Nxe4 5. d4 Nd6 6. dxe5 Nxb5 7. a4 d6 8.
axb5 Nxe5 9. Re1 Be7 10. Nxe5 dxe5 11. Qxd8+ Bxd8 12. Rxe5+ Be6 13. Nc3 Be7 14.
Bg5 Bd6 15. Re3 h6 16. Bh4 O-O 17. Bg3 Rfd8 18. Ne4 Bxg3 19. Nxg3 Bc4 20. Rc3
Bxb5 21. Rxc7 Bc6 22. Nf5 Kf8 23. Kf1 Rd2 24. Re1 Rxc2 25. Ree7 Bb5+ 26. Ke1
Rxc7 27. Rxc7 Bc6 28. Nd6 Bxg2 29. Rxf7+ Kg8 30. f3 Rd8 31. Nxb7 Rb8 32. Nd6
Rxb2 33. Rxa7 Bxf3 34. Nf5 Rg2 35. Nh4 Re2+ 36. Kf1 Bh5 37. Nf5 Re5 38. Ng3 Bg6
39. Kf2 Rb5 40. Kf3 Rb4 41. Nf1 Bh5+ 42. Kg3 Rg4+ 43. Kf2 Rf4+ 44. Kg2 Be2 45.
Ng3 Bf3+ 46. Kf2 Bd5+ 47. Ke3 Rh4 48. Rxg7+ 1/2-1/2

[Event "ODJM A 2018"]
[Site "Willingen GER"]
[Date "2018.05.24"]
[Round "7"]
[White "Elier, Ali"]
[Black "Grunert, Friedrich"]
[Result "1/2-1/2"]
[Termination "normal"]
[Board "25"]
[WhiteElo "1987"]
[BlackElo "1828"]
[PlyCount "134"]
[WhiteFideId "16217543"]
[BlackFideId "12995592"]
[EventCountry "GER"]
[EventRounds "9"]
[EventType "swiss"]
[EventDate "2018.05.19"]

1. e4 e6 2. d4 d5 3. Nd2 Nc6 4. c3 e5 5. exd5 Qxd5 6. Ngf3 exd4 7. Bc4 Qh5 8.
cxd4 Be6 9. Bxe6 fxe6 10. Qb3 O-O-O 11. Qxe6+ Kb8 12. O-O Bd6 13. h3 Nf6 14.
Ne4 Rde8 15. Nxf6 gxf6 16. Qxf6 Rhg8 17. Kh1 Ref8 18. Qh6 Qd5 19. Qe3 Nb4 20.
Qb3 Qh5 21. Bf4 Bxf4 22. Qxb4 Rf6 23. Qc5 Qh6 24. Ne5 Bxe5 25. Qxe5 Rfg6 26.
Rac1 R6g7 27. Rfe1 a6 28. Rg1 Qd2 29. d5 Qxf2 30. d6 cxd6 31. Qxd6+ Ka8 32. Qd5
Qxb2 33. Rb1 Qc2 34. Rxb7 Rxb7 35. Qxg8+ Ka7 36. Qd5 Rb1 37. Rxb1 Qxb1+ 38. Kh2
Qg6 39. Qc5+ Ka8 40. g4 Qe4 41. Qf5 Qe2+ 42. Kg3 Qxa2 43. Qxh7 a5 44. g5 Qb3+
45. Kf4 a4 46. Qe4+ Kb8 47. g6 a3 48. Qe5+ Kb7 49. Qe7+ Kc6 50. Qf6+ Kc7 51. g7
a2 52. h4 Qc4+ 53. Kg5 Qc1+ 54. Kg6 a1=Q 55. Qxa1 Qxa1 56. g8=Q Qg1+ 57. Kh7
Qh1 58. Qf7+ Kd8 59. h5 Qe4+ 60. Qg6 Qe7+ 61. Qg7 Qh4 62. h6 Ke8 63. Kh8 Qf4
64. Qg6+ Ke7 65. h7 Qf8+ 66. Qg8 Ke8 67. Qxf8+ Kxf8 1/2-1/2

[Event "ODJM A 2018"]
[Site "Willingen GER"]
[Date "2018.05.24"]
[Round "7"]
[White "Steffens, Oliver"]
[Black "Beesk, Kevin"]
[Result "1-0"]
[Termination "normal"]
[Board "26"]
[WhiteElo "1944"]
[BlackElo "1968"]
[PlyCount "113"]
[WhiteFideId "12947148"]
[BlackFideId "1271882"]
[EventCountry "GER"]
[EventRounds "9"]
[EventType "swiss"]
[EventDate "2018.05.19"]

1. e4 c5 2. Nf3 e6 3. b3 Nc6 4. Bb2 d6 5. Bd3 Nf6 6. O-O Be7 7. Re1 Bd7 8. e5
dxe5 9. Nxe5 Nxe5 10. Bxe5 Bc6 11. a4 O-O 12. Na3 a6 13. Nc4 b5 14. Ne3 Re8 15.
Qe2 Qd7 16. Ng4 Nxg4 17. Qxg4 Bf8 18. Re3 f5 19. Qf4 g6 20. h4 Bg7 21. axb5
axb5 22. Bxg7 Qd5 23. f3 Kxg7 24. Rxa8 Rxa8 25. Qe5+ Kf7 26. c4 Qxe5 27. Rxe5
bxc4 28. Bxc4 Bd5 29. Bxd5 exd5 30. Rxd5 Rb8 31. Rd3 Ke6 32. Kf2 f4 33. Ke2 Rb4
34. Rc3 Kd5 35. d3 Rb6 36. Kd2 Ra6 37. Rc4 Ra2+ 38. Rc2 Ra6 39. Kc3 g5 40. Re2
gxh4 41. Re4 Rf6 42. d4 cxd4+ 43. Rxd4+ Kc6 44. Kc4 Kb6 45. b4 Rc6+ 46. Kd5 h3
47. gxh3 Rh6 48. Ke4 Kb5 49. Kxf4 Rh4+ 50. Ke5 Rxh3 51. f4 h5 52. f5 h4 53. f6
Re3+ 54. Re4 Rxe4+ 55. Kxe4 h3 56. Kf3 h2 57. Kg2 1-0

[Event "ODJM A 2018"]
[Site "Willingen GER"]
[Date "2018.05.24"]
[Round "7"]
[White "Fuhlrott, Tim"]
[Black "Giraud, Valerian"]
[Result "1/2-1/2"]
[Termination "normal"]
[Board "27"]
[WhiteElo "1930"]
[BlackElo "2034"]
[PlyCount "40"]
[WhiteFideId "16222431"]
[BlackFideId "12920355"]
[EventCountry "GER"]
[EventRounds "9"]
[EventType "swiss"]
[EventDate "2018.05.19"]

1. c4 Nf6 2. g3 e6 3. Bg2 d5 4. Nf3 Be7 5. O-O O-O 6. b3 d4 7. e3 Nc6 8. Bb2 e5
9. exd4 exd4 10. Re1 h6 11. d3 Bg4 12. a3 a5 13. Nbd2 Qd7 14. Ne4 Nxe4 15. Rxe4
Bf6 16. Qd2 Rfe8 17. Rae1 Rxe4 18. Rxe4 Bf5 19. Re1 Qd6 20. Qc2 Qc5 1/2-1/2

[Event "ODJM A 2018"]
[Site "Willingen GER"]
[Date "2018.05.24"]
[Round "7"]
[White "Dette, Jan"]
[Black "Jurga, Jonas Vincent"]
[Result "1-0"]
[Termination "normal"]
[Board "28"]
[WhiteElo "2097"]
[BlackElo "1857"]
[PlyCount "43"]
[WhiteFideId "12936677"]
[BlackFideId "12968013"]
[EventCountry "GER"]
[EventRounds "9"]
[EventType "swiss"]
[EventDate "2018.05.19"]

1. c4 Nf6 2. Nc3 g6 3. g3 Bg7 4. Bg2 O-O 5. e4 d6 6. Nge2 c6 7. O-O Qa5 8. d3
e5 9. h3 Nbd7 10. Rb1 Qc7 11. Be3 a5 12. f4 Nc5 13. fxe5 Nfd7 14. d4 Ne6 15.
exd6 Qxd6 16. Qd2 b6 17. Rbd1 Bb7 18. Bh6 Rad8 19. b3 Nb8 20. Bxg7 Kxg7 21. e5
Qc7 22. Qe3 1-0

[Event "ODJM A 2018"]
[Site "Willingen GER"]
[Date "2018.05.24"]
[Round "7"]
[White "Meiwes, Thore"]
[Black "Muckle, Richard"]
[Result "0-1"]
[Termination "normal"]
[Board "29"]
[WhiteElo "1771"]
[BlackElo "2014"]
[PlyCount "106"]
[WhiteFideId "16201256"]
[BlackFideId "12942553"]
[EventCountry "GER"]
[EventRounds "9"]
[EventType "swiss"]
[EventDate "2018.05.19"]

1. d4 d5 2. Bf4 e6 3. e3 Bd6 4. Bg3 Nf6 5. Nd2 b6 6. c3 Bb7 7. Bd3 Nbd7 8. Ngf3
Qe7 9. Qb1 e5 10. dxe5 Nxe5 11. Nxe5 Bxe5 12. Nf3 Bxg3 13. hxg3 h6 14. Nd4 Nd7
15. Nf5 Qf6 16. g4 Ne5 17. Bb5+ c6 18. Be2 Bc8 19. f4 Nc4 20. Bxc4 Bxf5 21.
Qxf5 Qxf5 22. gxf5 dxc4 23. Rd1 Ke7 24. Ke2 Rad8 25. Rxd8 Rxd8 26. Rd1 Rd5 27.
e4 Rb5 28. Rd2 g6 29. fxg6 fxg6 30. Kf3 a5 31. e5 Rd5 32. Rxd5 cxd5 33. Ke3 a4
34. a3 h5 35. Kd4 Ke6 36. g3 b5 37. Kc5 g5 38. Kd4 gxf4 39. gxf4 h4 40. Ke3 h3
41. Kf3 d4 42. cxd4 h2 43. Kg2 b4 44. axb4 c3 45. bxc3 a3 46. c4 a2 47. d5+ Kd7
48. c5 h1=Q+ 49. Kxh1 a1=Q+ 50. Kg2 Qa2+ 51. Kg3 Qxd5 52. Kg4 Ke6 53. Kg5 Qg2+
0-1

[Event "ODJM A 2018"]
[Site "Willingen GER"]
[Date "2018.05.24"]
[Round "7"]
[White "Gallasch, Jonas"]
[Black "Tham, Minh"]
[Result "0-1"]
[Termination "normal"]
[Board "30"]
[WhiteElo "1924"]
[BlackElo "1910"]
[PlyCount "68"]
[WhiteFideId "16222474"]
[BlackFideId "12997323"]
[EventCountry "GER"]
[EventRounds "9"]
[EventType "swiss"]
[EventDate "2018.05.19"]

1. d4 d5 2. c4 e6 3. Nc3 c6 4. cxd5 exd5 5. Nf3 Bf5 6. Bf4 Nf6 7. e3 Be7 8. Bd3
Bxd3 9. Qxd3 O-O 10. O-O Re8 11. Rab1 a5 12. Qc2 Nbd7 13. h3 Nb6 14. b3 h6 15.
Na4 Nbd7 16. Rfc1 Ne4 17. Nd2 Nd6 18. Nc5 Nxc5 19. dxc5 Nb5 20. Nf3 Na3 21. Qc3
Bf6 22. Nd4 Nxb1 23. Rxb1 Qd7 24. Qd3 Bxd4 25. exd4 Qe7 26. Be3 Qe4 27. Qxe4
Rxe4 28. g3 f5 29. Rd1 Kf7 30. Bf4 a4 31. b4 a3 32. Rd3 Re1+ 33. Kg2 Rb1 34.
Bd2 Rb2 0-1

[Event "ODJM A 2018"]
[Site "Willingen GER"]
[Date "2018.05.24"]
[Round "7"]
[White "Nguyen, Ha Thanh"]
[Black "Grund, Sebastian"]
[Result "1/2-1/2"]
[Termination "normal"]
[Board "31"]
[WhiteElo "1882"]
[BlackElo "1892"]
[PlyCount "47"]
[WhiteFideId "12942154"]
[BlackFideId "12988626"]
[EventCountry "GER"]
[EventRounds "9"]
[EventType "swiss"]
[EventDate "2018.05.19"]

1. e4 c5 2. Nf3 Nc6 3. d4 cxd4 4. Nxd4 g6 5. Nc3 Bg7 6. Be3 Nf6 7. Bc4 Qa5 8.
O-O O-O 9. Bb3 d6 10. h3 Bd7 11. f4 Nxd4 12. Bxd4 Bc6 13. Re1 Rae8 14. Nd5 e5
15. fxe5 dxe5 16. Nxf6+ Bxf6 17. Bf2 Rd8 18. Qf3 Bg7 19. Rad1 Rxd1 20. Rxd1 Ba4
21. Rd5 Qa6 22. Bc5 Bxb3 23. axb3 Rc8 24. Kh2 1/2-1/2

[Event "ODJM A 2018"]
[Site "Willingen GER"]
[Date "2018.05.24"]
[Round "7"]
[White "Klenk, Sofie"]
[Black "Wachtel, Arthur"]
[Result "1/2-1/2"]
[Termination "normal"]
[Board "32"]
[WhiteElo "1898"]
[BlackElo "1932"]
[PlyCount "54"]
[WhiteFideId "12996653"]
[BlackFideId "12988510"]
[EventCountry "GER"]
[EventRounds "9"]
[EventType "swiss"]
[EventDate "2018.05.19"]

1. e4 e6 2. d4 d5 3. exd5 exd5 4. Nf3 Bd6 5. c4 c6 6. Nc3 Ne7 7. c5 Bc7 8. Bg5
f6 9. Bh4 Bg4 10. Be2 O-O 11. Bg3 Nd7 12. O-O Re8 13. Re1 Ng6 14. Qd2 Ndf8 15.
b4 Ne6 16. Ng5 Bxe2 17. Nxe6 Rxe6 18. Rxe2 Rxe2 19. Nxe2 Qd7 20. Qd3 Re8 21.
Kf1 Qe7 22. Rd1 f5 23. Bxc7 Qxc7 24. Kg1 Nf4 25. Nxf4 Qxf4 26. a4 Qe4 27. Kf1
Qxd3+ 1/2-1/2

[Event "ODJM A 2018"]
[Site "Willingen GER"]
[Date "2018.05.24"]
[Round "7"]
[White "Bartelt, Max Peter"]
[Black "Leser, Stefan"]
[Result "0-1"]
[Termination "normal"]
[Board "33"]
[WhiteElo "1807"]
[BlackElo "1852"]
[PlyCount "110"]
[WhiteFideId "12967289"]
[BlackFideId "12997706"]
[EventCountry "GER"]
[EventRounds "9"]
[EventType "swiss"]
[EventDate "2018.05.19"]

1. d4 Nf6 2. Nf3 e6 3. g3 d5 4. Bg2 Be7 5. O-O O-O 6. c4 dxc4 7. Qc2 b6 8. Ne5
Qxd4 9. Bxa8 Qxe5 10. Bg2 Nd5 11. e4 Nb4 12. Qc3 Qh5 13. a3 N4c6 14. Re1 Bf6
15. Qxc4 Ba6 16. Qa4 Rd8 17. Bf1 Bxf1 18. Rxf1 Ne5 19. Nd2 Qh3 20. Rd1 b5 21.
Qb3 Rd3 22. Qxd3 Nxd3 23. Nf3 Nc5 24. Bf4 Qh5 25. Bxc7 Nc6 26. e5 Qxf3 27. exf6
gxf6 28. Bf4 Ne4 29. Be3 Ne5 30. Bxa7 Ng4 31. Rd8+ Kg7 32. Rf1 Ng5 33. Rfd1
Nh3+ 34. Kf1 Nhxf2 35. R1d2 Nxh2+ 36. Ke1 Ne4 37. Rxh2 Qxg3+ 38. Rf2 Nxf2 39.
Bxf2 Qe5+ 40. Kf1 Qxb2 41. Rd3 h5 42. Kg2 e5 43. Rg3+ Kh6 44. Rf3 e4 45. Re3 f5
46. Kg1 Qc2 47. Rh3 f4 48. a4 bxa4 49. Bh4 e3 50. Be1 f3 51. Rh2 Qxh2+ 52. Kxh2
f2 53. Bd2 exd2 54. Kg3 f1=Q 55. Kh2 d1=R 0-1

[Event "ODJM A 2018"]
[Site "Willingen GER"]
[Date "2018.05.24"]
[Round "7"]
[White "Petersen, Finn Christopher"]
[Black "Wanner, Lukas"]
[Result "0-1"]
[Termination "normal"]
[Board "34"]
[WhiteElo "1821"]
[BlackElo "2045"]
[PlyCount "76"]
[WhiteFideId "12964840"]
[BlackFideId "12918148"]
[EventCountry "GER"]
[EventRounds "9"]
[EventType "swiss"]
[EventDate "2018.05.19"]

1. e4 c5 2. Nf3 g6 3. d4 cxd4 4. Nxd4 Nc6 5. Be3 Bg7 6. Nc3 Nf6 7. f3 O-O 8. g4
d6 9. Qd2 Nxd4 10. Bxd4 Be6 11. Be2 Qa5 12. h4 h5 13. a3 Rfc8 14. O-O-O a6 15.
Rdg1 hxg4 16. Qe3 Qh5 17. f4 d5 18. e5 Ne4 19. Na4 Rc6 20. Nb6 Rd8 21. Kb1 Bf5
22. Bd3 e6 23. Na4 Bf8 24. Nc3 Nxc3+ 25. Bxc3 Rdc8 26. Ka2 b5 27. Rh2 Rxc3 28.
bxc3 Bc5 29. Qg3 Bxg1 30. Qxg1 Rxc3 31. Qb6 Bxd3 32. cxd3 Qf5 33. Qxa6 Qxf4 34.
Rb2 Qxe5 35. Qxb5 g3 36. Qe8+ Kg7 37. Qe7 Rxd3 38. a4 Qd4 0-1

[Event "ODJM A 2018"]
[Site "Willingen GER"]
[Date "2018.05.24"]
[Round "7"]
[White "Langner, Jasper"]
[Black "Seref, Erdogan"]
[Result "0-1"]
[Termination "normal"]
[Board "36"]
[WhiteElo "1707"]
[BlackElo "1991"]
[PlyCount "98"]
[WhiteFideId "16202554"]
[BlackFideId "16206827"]
[EventCountry "GER"]
[EventRounds "9"]
[EventType "swiss"]
[EventDate "2018.05.19"]

1. e4 e5 2. Nf3 Nc6 3. d4 exd4 4. Bc4 Nf6 5. O-O Nxe4 6. Re1 d5 7. Bxd5 Qxd5 8.
Nc3 Qa5 9. Nxe4 Be6 10. Bd2 Bb4 11. Bxb4 Qxb4 12. c3 dxc3 13. bxc3 Qc4 14. Neg5
h6 15. Rxe6+ fxe6 16. Nd2 O-O-O 17. Nxc4 Rxd1+ 18. Rxd1 hxg5 19. h3 Rh4 20. Ne3
Ra4 21. Rd2 Ra3 22. Rc2 Ne5 23. Kh2 c5 24. Kg3 Ra4 25. Re2 Kd7 26. Nf5 exf5 27.
Rxe5 g6 28. Rxc5 Rxa2 29. Kf3 b6 30. Rd5+ Ke6 31. Rd8 Rc2 32. Re8+ Kd7 33. Rg8
Rxc3+ 34. Ke2 Rc6 35. Rg7+ Kc8 36. Rxa7 Rc7 37. Ra4 Kb7 38. h4 gxh4 39. Rxh4 b5
40. Rd4 Kb6 41. Kd3 Rc6 42. g4 fxg4 43. Rxg4 Ka5 44. Rg1 b4 45. Ra1+ Kb5 46.
Rb1 Ka4 47. Ra1+ Kb3 48. Rb1+ Ka3 49. Ra1+ Kb2 0-1

[Event "ODJM A 2018"]
[Site "Willingen GER"]
[Date "2018.05.24"]
[Round "7"]
[White "Reucker, Friedrich"]
[Black "Möller, Lisa-Marie"]
[Result "1/2-1/2"]
[Termination "normal"]
[Board "37"]
[WhiteElo "1882"]
[BlackElo "1865"]
[PlyCount "42"]
[WhiteFideId "12993670"]
[BlackFideId "12959367"]
[EventCountry "GER"]
[EventRounds "9"]
[EventType "swiss"]
[EventDate "2018.05.19"]

1. d4 c5 2. d5 Nf6 3. Nf3 e6 4. Nc3 d6 5. e4 exd5 6. exd5 g6 7. Be2 Bg7 8. O-O
O-O 9. Bf4 Bg4 10. h3 Bxf3 11. Bxf3 Na6 12. Qd2 Nc7 13. a4 Re8 14. Rae1 Qd7 15.
g4 Rxe1 16. Rxe1 Re8 17. Rxe8+ Nfxe8 18. b3 Qe7 19. Nb5 Nxb5 20. axb5 b6 21. c4
Be5 1/2-1/2

[Event "ODJM A 2018"]
[Site "Willingen GER"]
[Date "2018.05.24"]
[Round "7"]
[White "Lohr, Maximilian"]
[Black "Gallasch, Robin"]
[Result "0-1"]
[Termination "normal"]
[Board "38"]
[WhiteElo "1876"]
[BlackElo "1752"]
[PlyCount "56"]
[WhiteFideId "12999717"]
[BlackFideId "16222423"]
[EventCountry "GER"]
[EventRounds "9"]
[EventType "swiss"]
[EventDate "2018.05.19"]

1. e4 c6 2. Nf3 d5 3. Nc3 Nf6 4. e5 Ne4 5. Ne2 Qb6 6. d4 e6 7. Ng3 c5 8. c3 Nc6
9. Bd3 Nxg3 10. hxg3 h6 11. g4 Bd7 12. Kf1 cxd4 13. cxd4 Be7 14. g5 h5 15. g4
h4 16. Kg2 O-O-O 17. Be3 h3+ 18. Kg3 f5 19. gxf5 exf5 20. Qc2 Rdf8 21. Nd2 f4+
22. Bxf4 Qxd4 23. Ne4 Rxf4 24. Kxf4 Rh4+ 25. Kf3 dxe4+ 26. Bxe4 Rxe4 27. Rad1
Rf4+ 28. Kg3 Rg4+ 0-1

[Event "ODJM A 2018"]
[Site "Willingen GER"]
[Date "2018.05.24"]
[Round "7"]
[White "von Freymann, Franz"]
[Black "Fistoul, Boris"]
[Result "1/2-1/2"]
[Termination "normal"]
[Board "39"]
[WhiteElo "1809"]
[BlackElo "1953"]
[PlyCount "59"]
[WhiteFideId "12994014"]
[BlackFideId "12953962"]
[EventCountry "GER"]
[EventRounds "9"]
[EventType "swiss"]
[EventDate "2018.05.19"]

1. d4 e6 2. c4 f5 3. Nf3 Nf6 4. Nc3 Be7 5. Bf4 O-O 6. e3 b6 7. d5 Nh5 8. d6
cxd6 9. Bxd6 a6 10. Be2 Nc6 11. O-O Bb7 12. Ne5 Nxe5 13. Bxe5 Nf6 14. Bf3 Bxf3
15. Qxf3 d6 16. Rad1 Qc7 17. Bg3 Rad8 18. e4 Qxc4 19. exf5 e5 20. Qd3 Qxd3 21.
Rxd3 b5 22. Rfd1 Rc8 23. Bh4 b4 24. Bxf6 Bxf6 25. Nd5 Rc2 26. Nxb4 Rxb2 27.
Nxa6 Rxa2 28. Rxd6 Be7 29. Re6 Rxf5 30. Rxe7 1/2-1/2

[Event "ODJM A 2018"]
[Site "Willingen GER"]
[Date "2018.05.24"]
[Round "7"]
[White "Buhr, Patrick"]
[Black "Schilay, Lorenz"]
[Result "1-0"]
[Termination "normal"]
[Board "40"]
[WhiteElo "1797"]
[BlackElo "1920"]
[PlyCount "55"]
[WhiteFideId "16206436"]
[BlackFideId "12930180"]
[EventCountry "GER"]
[EventRounds "9"]
[EventType "swiss"]
[EventDate "2018.05.19"]

1. c4 Nf6 2. g3 e5 3. Nc3 d5 4. cxd5 Nxd5 5. Bg2 Nb6 6. Nf3 Nc6 7. O-O Be7 8.
d3 O-O 9. a3 Be6 10. b4 a5 11. b5 Nd4 12. Bb2 Bb3 13. Qc1 f6 14. Nxd4 exd4 15.
Ne4 Na4 16. Nd2 Nc5 17. Nxb3 Nxb3 18. Qc4+ Kh8 19. Qxb3 f5 20. Bxb7 Rb8 21. Bc6
Qd6 22. Qc4 Bf6 23. a4 f4 24. Ba3 Qe5 25. Bxf8 Rxf8 26. Bf3 fxg3 27. hxg3 Bg5
28. Kg2 1-0

[Event "ODJM A 2018"]
[Site "Willingen GER"]
[Date "2018.05.24"]
[Round "7"]
[White "Perkampus, Laurin"]
[Black "Wissing, Philipp"]
[Result "1-0"]
[Termination "normal"]
[Board "41"]
[WhiteElo "1628"]
[BlackElo "1802"]
[PlyCount "51"]
[WhiteFideId "16232283"]
[BlackFideId "12993654"]
[EventCountry "GER"]
[EventRounds "9"]
[EventType "swiss"]
[EventDate "2018.05.19"]

1. d4 Nf6 2. Bf4 d5 3. e3 c5 4. Nf3 Nc6 5. Nbd2 cxd4 6. exd4 e6 7. c3 Be7 8.
Bd3 Nh5 9. Be5 Nxe5 10. Nxe5 Nf6 11. O-O O-O 12. f4 g6 13. Qf3 Nd7 14. Qg3 Bf6
15. Ndf3 Bg7 16. Ng5 Nxe5 17. fxe5 Qe7 18. Rf3 Bh6 19. h4 Bd7 20. Raf1 Be8 21.
Rf6 b5 22. h5 Bxg5 23. Qxg5 Qc7 24. hxg6 hxg6 25. Bxg6 fxg6 26. Rxf8+ 1-0

[Event "ODJM A 2018"]
[Site "Willingen GER"]
[Date "2018.05.24"]
[Round "7"]
[White "Herbrig, Marie-Helén"]
[Black "Günther, Emil"]
[Result "1-0"]
[Termination "normal"]
[Board "42"]
[WhiteElo "1909"]
[BlackElo "1584"]
[PlyCount "79"]
[WhiteFideId "12900427"]
[BlackFideId "16228154"]
[EventCountry "GER"]
[EventRounds "9"]
[EventType "swiss"]
[EventDate "2018.05.19"]

1. d4 Nf6 2. Nf3 e6 3. Bf4 d5 4. e3 c5 5. c3 Nc6 6. Bd3 Qb6 7. Qc2 Be7 8. Nbd2
O-O 9. O-O h6 10. h3 Bd7 11. Rfe1 Rfc8 12. a3 a5 13. dxc5 Bxc5 14. Nb3 Be7 15.
Nbd4 Nxd4 16. exd4 Bb5 17. Qb3 Rc4 18. a4 Qd8 19. Qxb5 Rc6 20. Qb3 Rb6 21. Qc2
Rc8 22. Ne5 Rb4 23. Qe2 Rb3 24. Bb5 Qb6 25. Qc2 Rb4 26. Qb1 Rxb5 27. axb5 Qxb5
28. Qc2 b6 29. b3 Bb4 30. Re3 Ne4 31. c4 Qa6 32. Rf3 f5 33. Rd3 g5 34. Bh2 Bd6
35. Qd1 dxc4 36. bxc4 Bxe5 37. dxe5 Qxc4 38. Rd7 Qc5 39. Qh5 Qf8 40. Qg6+ 1-0

[Event "ODJM A 2018"]
[Site "Willingen GER"]
[Date "2018.05.25"]
[Round "8"]
[White "Knudsen, Simon"]
[Black "Syrov, Arkadi"]
[Result "1/2-1/2"]
[Termination "normal"]
[Board "1"]
[WhiteElo "2126"]
[BlackElo "2291"]
[WhiteClock "00:34:02"]
[BlackClock "00:36:38"]
[PlyCount "47"]
[WhiteFideId "12985546"]
[BlackFideId "12942448"]
[EventCountry "GER"]
[EventRounds "9"]
[EventType "swiss"]
[EventDate "2018.05.19"]

1. Nf3 {[%clk 1:30:57]} 1... d5 {[%clk 1:30:39]} 2. g3 {[%clk 1:28:21]} 2... c5
{[%clk 1:30:47]} 3. Bg2 {[%clk 1:28:33]} 3... Nc6 {[%clk 1:31:11]} 4. d4 {
[%clk 1:28:57]} 4... cxd4 {[%clk 1:30:53]} 5. Nxd4 {[%clk 1:28:43]} 5... e5 {
[%clk 1:31:18]} 6. Nxc6 {[%clk 1:29:07]} 6... bxc6 {[%clk 1:31:45]} 7. c4 {
[%clk 1:29:11]} 7... Be6 {[%clk 1:30:04]} 8. O-O {[%clk 1:13:13]} 8... Nf6 {
[%clk 1:28:58]} 9. Qa4 {[%clk 1:10:11]} 9... Qd7 {[%clk 1:28:40]} 10. Nc3 {
[%clk 1:09:09]} 10... Rc8 {[%clk 1:28:58]} 11. cxd5 {[%clk 1:09:14]} 11... cxd5
{[%clk 1:29:23]} 12. Qxd7+ {[%clk 1:09:37]} 12... Kxd7 {[%clk 1:29:50]} 13. Rd1
{[%clk 1:09:52]} 13... Bc5 {[%clk 0:58:10]} 14. Bg5 {[%clk 0:45:59]} 14... d4 {
[%clk 0:45:22]} 15. Na4 {[%clk 0:42:05]} 15... Be7 {[%clk 0:37:34]} 16. e3 {
[%clk 0:42:26]} 16... h6 {[%clk 0:37:17]} 17. exd4 {[%clk 0:42:45]} 17... hxg5
{[%clk 0:37:41]} 18. dxe5+ {[%clk 0:43:09]} 18... Ke8 {[%clk 0:38:02]} 19. exf6
{[%clk 0:43:32]} 19... Bxf6 {[%clk 0:38:29]} 20. Rac1 {[%clk 0:43:10]} 20...
Ke7 {[%clk 0:38:22]} 21. Nc3 {[%clk 0:36:11]} 21... Bxc3 {[%clk 0:35:58]} 22.
Rxc3 {[%clk 0:36:25]} 22... Rxc3 {[%clk 0:36:20]} 23. bxc3 {[%clk 0:36:49]}
23... Rc8 {[%clk 0:36:38]} 24. Bd5 {[%clk 0:34:02]} 1/2-1/2